PR-SOF-1917-2 DOF Car Driving Simulator (Record no. 578938)
[ view plain ]
| 000 -LEADER | |
|---|---|
| fixed length control field | 00422nam a22001217a 4500 |
| 082 ## - DEWEY DECIMAL CLASSIFICATION NUMBER | |
| Classification number | 220 PRO |
| 100 ## - MAIN ENTRY--PERSONAL NAME | |
| Personal name | PC Muhammad Atif Hussain NC Samia Irfan GC Zeeshan Ali |
| 9 (RLIN) | 73051 |
| 245 ## - TITLE STATEMENT | |
| Title | PR-SOF-1917-2 DOF Car Driving Simulator |
| 300 ## - PHYSICAL DESCRIPTION | |
| Extent | ISLAMABAD |
| Other physical details | NUST COLLEGE OF EME |
| Accompanying material | 2020 |
| 650 ## - SUBJECT ADDED ENTRY--TOPICAL TERM | |
| Topical term or geographic name entry element | DE-COMP-38 |
| 700 ## - ADDED ENTRY--PERSONAL NAME | |
| Personal name | Project Supervisor Dr. Muwahida Liaquat Project Co-supervisor Lt. Col. Dr. Rahat Ali |
| 9 (RLIN) | 73052 |
| 942 ## - ADDED ENTRY ELEMENTS (KOHA) | |
| Koha item type | Continuing Resources |
| Withdrawn status | Lost status | Damaged status | Not for loan | Permanent Location | Current Location | Shelving location | Date acquired | Total Checkouts | Full call number | Barcode | Date last seen | Price effective from | Koha item type |
|---|---|---|---|---|---|---|---|---|---|---|---|---|---|
| College of Electrical & Mechanical Engineering (CEME) | College of Electrical & Mechanical Engineering (CEME) | General Stacks | 03/04/2021 | 220 PRO | PR-SOF-1917 | 06/28/2021 | 06/28/2021 | Continuing Resources |
